000 00448cam a22001217a 4500
008 180718b1992 xxu||||| |||| 00| 0 eng d
082 _aA81x54 In2/81/25/Pt8A&B/1
100 _aCensus of India 1981
245 _aArunachal Pradesh: household tables on scheduled castes and scheduled tribes
260 _aDelhi
_bController of Publications
_c1992
300 _a559+p.
440 _aCensus of India 1981. Series-25. Arunachal Pradesh. Part-VIII-A & B (i)
999 _c475485
_d475485